000
00296nam a2200133Ia 4500
005
20251222143318.0
008
251222s9999||||xx |||||||||||||| ||spa||
082
_a
848.94/S26/1999
100
_a
Sartre, Jean Paul
245
0
_a
La NĂ¡usea
250
_a
2a.ed.
264
_b
Losada
942
_c
LIB
999
_c
15969
_d
15969